101 prints: the history and techniques of printmaking

Uloženo v:
Podrobná bibliografie
Hlavní autor: Eppink, Norman R (Autor)
Médium: Kniha
Jazyk:angličtina
Vydáno: Norman University of Oklahoma Press 1971
Témata:
Tagy: Přidat tag
Žádné tagy, Buďte první, kdo vytvoří štítek k tomuto záznamu!

MARC

LEADER 00000nam a2200000 a 4500
001 UCY0184
003 CL-VaPUC
008 940718e19710000US |||||||||||||||||eng|d
082 0 4 |a 760.28  |b EPP  |2 21 
100 0 |a Eppink, Norman R  |e author  |9 327820 
245 1 0 |a 101 prints: the history and techniques of printmaking 
300 |a 273 p 
942 |c BK 
945 |d 19940718 00:00:00  |a oaravena 
260 |a Norman  |b University of Oklahoma Press  |c 1971 
650 7 |a GRABADO  |2 CL-VaPUC  |9 265438 
650 0 |a Técnica  |9 310682 
650 0 |a Historia  |9 255047 
583 |a last modification  |c 20120812 04:38:11  |k Rodrigo Vera 
999 |c 229257  |d 229255